000 00784nab a2200241 u 4500
001 10723
003 HDC
007 cr bn ---aaaaa
008 210205b2012mmddmy d||ne |||| 00| 0 may d
040 _aHDC
245 0 _aMARDI temui potensi produk berasaskan dabai /
_cUtusan Malaysia
260 _aMalaysia:
_bMedia Mulia,
_c2012
300 _a1 online resource
336 _atext
_2rdacontent
337 _acomputer
_2rdamedia
338 _aonline resource
_2rdacarrier
650 _aAgriculture innovation
_910293
710 _aUtusan Malaysia
856 _zRequest full-text at [email protected]
942 _2lcc
942 _cNEWS
942 _kNWSC 000403
999 _c8046
_d8046